[Event "ENCI Limburg-open Veteranen"]
[Site "Maastricht"]
[Date "2011.06.12"]
[Round "3"]
[White "Montforts, Ton"]
[Black "Kwee, Tjoe Liong"]
[Result "0-1"]
[WhiteElo "1635"]
[BlackElo "1763"]
[PlyCount "114"]
[EventDate "2011.06.10"]
[EventType "swiss"]
[EventRounds "5"]
[EventCountry "NED"]
[Source "P.Boonen"]
[SourceDate "2012.01.01"]

1. d4 Nf6 2. Nf3 g6 3. e3 Bg7 4. c4 b6 5. Nc3 d6 6. Be2 Bb7 7. O-O O-O 8. Qc2
e5 9. d5 c6 10. e4 cxd5 11. cxd5 Nbd7 12. Bg5 h6 13. Bd2 Rc8 14. Qa4 Nc5 15.
Qa3 Nfxe4 16. b4 Nxc3 17. Bxc3 Ne4 18. Bb2 a5 19. Rfd1 axb4 20. Qxb4 Rc2 21.
Bd3 Rxb2 22. Qxb2 Nc5 23. Qc2 Nxd3 24. Qxd3 e4 25. Qxe4 Bxa1 26. Rxa1 Re8 27.
Qd4 b5 28. h3 Qa8 29. a4 bxa4 30. Rxa4 Qd8 31. Ra7 Re7 32. Qf6 Re1+ 33. Nxe1
Qxf6 34. Rxb7 Qe5 35. Nf3 Qxd5 36. Rb1 Qf5 37. Rd1 Qc2 38. Rd2 Qc4 39. Rd4 Qc5
40. Rd1 Kg7 41. h4 g5 42. hxg5 hxg5 43. Nh2 f5 44. Nf1 f4 45. g3 Kg6 46. Kg2
Qc6+ 47. Kg1 Qd7 48. Rd4 Kf5 49. Rd5+ Kg6 50. Rd4 f3 51. Ne3 Qe6 52. g4 Qe5 53.
Rd1 Kf6 54. Nf5 d5 55. Ne3 d4 56. Nf5 d3 57. Rxd3 Qe1+ 0-1

[Event "ENCI Limburg-open Veteranen"]
[Site "Maastricht"]
[Date "2011.06.12"]
[Round "3"]
[White "Rikers, Jo"]
[Black "Kerssemakers, Frans"]
[Result "1/2-1/2"]
[WhiteElo "1474"]
[BlackElo "1499"]
[PlyCount "55"]
[EventDate "2011.06.10"]
[EventType "swiss"]
[EventRounds "5"]
[EventCountry "NED"]
[Source "P.Boonen"]
[SourceDate "2012.01.01"]

1. d4 d5 2. Bf4 Nf6 3. e3 Bf5 4. Bd3 Bxd3 5. Qxd3 e6 6. c3 a6 7. Nf3 c5 8. Nbd2
c4 9. Qc2 Nc6 10. Ne5 Nxe5 11. Bxe5 Be7 12. Nf3 h6 13. O-O O-O 14. Nd2 b5 15.
a3 Qb6 16. e4 Qb7 17. Bxf6 Bxf6 18. e5 Be7 19. f4 f5 20. g3 a5 21. Nf3 g6 22.
Qg2 Kh7 23. Kh1 Rf7 24. Rg1 Rg7 25. Qh3 g5 26. fxg5 Bxg5 27. Nxg5+ Rxg5 28. Qh4
1/2-1/2

[Event "ENCI Limburg-open Veteranen"]
[Site "Maastricht"]
[Date "2011.06.12"]
[Round "3"]
[White "Schreinemachers, Jo"]
[Black "Schotanus, Fred"]
[Result "0-1"]
[WhiteElo "1561"]
[BlackElo "1739"]
[PlyCount "116"]
[EventDate "2011.06.10"]
[EventType "swiss"]
[EventRounds "5"]
[EventCountry "NED"]
[Source "P.Boonen"]
[SourceDate "2012.01.01"]

1. d4 Nf6 2. c4 g6 3. Nc3 Bg7 4. e4 d6 5. Nf3 Nbd7 6. Be2 O-O 7. O-O e5 8. Be3
b6 9. Qc2 a6 10. b4 Bb7 11. dxe5 dxe5 12. Rfd1 Qc8 13. Rac1 c6 14. Ne1 Qc7 15.
f3 Rfe8 16. Nd3 Bf8 17. a4 Kg7 18. b5 axb5 19. axb5 Ra3 20. bxc6 Qxc6 21. Nd5
Rea8 22. Kf2 Ne8 23. Qb2 Ra2 24. Qb5 Bc5 25. Nxc5 bxc5 26. Rb1 R8a7 27. Nc3
R2a5 28. Qxc6 Bxc6 29. Nb5 Ra8 30. Nd6 Nc7 31. Nb7 Ne6 32. Nxa5 Rxa5 33. Rd6
Ra6 34. Rbd1 Nd4 35. Bxd4 exd4 36. f4 Nf6 37. e5 Ne4+ 38. Ke1 Nxd6 39. exd6 Bd7
40. Bf3 Rxd6 41. Bd5 Be6 42. Bxe6 Rxe6+ 43. Kf2 Re3 44. Rc1 Rb3 45. g3 Kf6 46.
g4 h5 47. gxh5 gxh5 48. Re1 Rc3 49. Re5 Rxc4 50. Rxh5 Rc3 51. Rd5 d3 52. Ke3 c4
53. h4 Rc2 54. h5 Ke6 55. Re5+ Kd6 56. Re4 Re2+ 57. Kf3 Rxe4 58. Kxe4 d2 0-1

[Event "ENCI Limburg-open Veteranen"]
[Site "Maastricht"]
[Date "2011.06.12"]
[Round "3"]
[White "Simon, Martin KH"]
[Black "Van Pol, Thieu"]
[Result "1-0"]
[WhiteElo "1810"]
[BlackElo "1566"]
[PlyCount "105"]
[EventDate "2011.06.10"]
[EventType "swiss"]
[EventRounds "5"]
[EventCountry "NED"]
[Source "P.Boonen"]
[SourceDate "2012.01.01"]

1. Nf3 Nf6 2. g3 g6 3. Bg2 Bg7 4. O-O c6 5. d3 d5 6. c3 O-O 7. Nbd2 Bd7 8. e4
dxe4 9. dxe4 Qc8 10. Re1 Bh3 11. Bh1 Bg4 12. Qc2 Rd8 13. Nb3 Bxf3 14. Bxf3 e6
15. Bg5 Rd7 16. Qc1 Na6 17. Qe3 Qf8 18. Rad1 Rxd1 19. Rxd1 h6 20. Bf4 b6 21. h4
Rc8 22. Bd6 Qe8 23. Be2 Nb8 24. c4 c5 25. e5 Nfd7 26. f4 Bf8 27. h5 Bxd6 28.
Rxd6 Kg7 29. Qe4 Nf8 30. Qd3 Nc6 31. Bf3 Nb4 32. Qd1 Nxa2 33. Qa1 Nb4 34. Qxa7
Rb8 35. Nd2 Nc2 36. Rxb6 Rxb6 37. Qxb6 Qe7 38. hxg6 Nxg6 39. Ne4 Nd4 40. Bd1
Nf5 41. Kf2 Qd7 42. Nd6 f6 43. Nxf5+ exf5 44. Qxf6+ Kh7 45. Qd6 Qb7 46. Qxc5
Qxb2+ 47. Be2 Qb7 48. Qd5 Qe7 49. c5 Nxf4 50. gxf4 Qh4+ 51. Kg2 Qxf4 52. Bc4
Qg5+ 53. Kf2 1-0

[Event "ENCI Limburg-open Veteranen"]
[Site "Maastricht"]
[Date "2011.06.13"]
[Round "4"]
[White "Borsten, Chris"]
[Black "Schreinemachers, Jo"]
[Result "1-0"]
[WhiteElo "1461"]
[BlackElo "1561"]
[PlyCount "79"]
[EventDate "2011.06.10"]
[EventType "swiss"]
[EventRounds "5"]
[EventCountry "NED"]
[Source "P.Boonen"]
[SourceDate "2012.01.01"]

1. e4 c6 2. d4 d5 3. Nc3 dxe4 4. Nxe4 Nd7 5. Nf3 Ngf6 6. Nxf6+ Nxf6 7. Bc4 Bf5
8. O-O e6 9. Bf4 Bd6 10. Ne5 O-O 11. c3 Nd5 12. Bg3 Rc8 13. Qf3 b5 14. Bd3 Bxd3
15. Qxd3 a6 16. a3 c5 17. Rad1 cxd4 18. Qxd4 Bc5 19. Qg4 Qe7 20. Rfe1 Nf6 21.
Qf3 Nd5 22. Rxd5 exd5 23. Qxd5 Rcd8 24. Qf3 Rfe8 25. Kf1 Rd2 26. Nd3 Qf8 27.
Rxe8 Qxe8 28. Nxc5 Rxb2 29. Qd3 g6 30. f3 Ra2 31. Ne4 Qe6 32. Qd8+ Kg7 33. Qd4+
f6 34. Qa7+ Kh6 35. Qc5 f5 36. Qf8+ Kh5 37. Nf6+ Kg5 38. Nxh7+ Kh5 39. Nf6+ Kg5
40. h4# 1-0

[Event "ENCI Limburg-open Veteranen"]
[Site "Maastricht"]
[Date "2011.06.13"]
[Round "4"]
[White "De Wit, Gerrit"]
[Black "Debusschere, Helmut"]
[Result "0-1"]
[WhiteElo "1746"]
[BlackElo "1796"]
[PlyCount "58"]
[EventDate "2011.06.10"]
[EventType "swiss"]
[EventRounds "5"]
[EventCountry "NED"]
[Source "P.Boonen"]
[SourceDate "2012.01.01"]

1. e4 c5 2. Nf3 Nc6 3. c3 Nf6 4. e5 Nd5 5. d4 cxd4 6. cxd4 e6 7. Bc4 Nb6 8. Bd3
d5 9. O-O Nb4 10. Be2 Be7 11. a3 Nc6 12. Bd2 O-O 13. Bc3 Bd7 14. Re1 Rc8 15.
Nbd2 Nb8 16. Bd3 Na4 17. Nb1 b5 18. Bc2 Nxc3 19. bxc3 g6 20. Qd3 a6 21. Rc1 Nc6
22. Nbd2 Na5 23. a4 b4 24. cxb4 Bxb4 25. Bd1 Ra8 26. Rab1 Be7 27. Qc2 Ba3 28.
Qc7 Bxc1 29. Rxc1 Rc8 {.....} 0-1

[Event "ENCI Limburg-open Veteranen"]
[Site "Maastricht"]
[Date "2011.06.13"]
[Round "4"]
[White "Kwee, Tjoe Liong"]
[Black "Simon, Martin KH"]
[Result "1/2-1/2"]
[WhiteElo "1763"]
[BlackElo "1810"]
[PlyCount "41"]
[EventDate "2011.06.10"]
[EventType "swiss"]
[EventRounds "5"]
[EventCountry "NED"]
[Source "P.Boonen"]
[SourceDate "2012.01.01"]

1. f4 d5 2. Nf3 g6 3. e3 Bg7 4. c4 c6 5. Nc3 Nf6 6. b3 O-O 7. Bb2 Bg4 8. Be2
Nbd7 9. O-O Nc5 10. Nd4 Bxe2 11. Qxe2 Nce4 12. d3 Nxc3 13. Bxc3 dxc4 14. bxc4
c5 15. Nf3 b6 16. Rad1 Nd7 17. Bxg7 Kxg7 18. Ne5 Nxe5 19. fxe5 Qd7 20. d4 Qe6
21. Rf2 1/2-1/2

[Event "ENCI Limburg-open Veteranen"]
[Site "Maastricht"]
[Date "2011.06.13"]
[Round "4"]
[White "Schotanus, Fred"]
[Black "Boer, Henk"]
[Result "1-0"]
[WhiteElo "1739"]
[BlackElo "1738"]
[PlyCount "125"]
[EventDate "2011.06.10"]
[EventType "swiss"]
[EventRounds "5"]
[EventCountry "NED"]
[Source "P.Boonen"]
[SourceDate "2012.01.01"]

1. e4 c6 2. d3 d5 3. Nd2 dxe4 4. dxe4 e5 5. Ngf3 Bg4 6. Bc4 Nd7 7. h3 Bh5 8.
O-O Ngf6 9. c3 Be7 10. Qc2 O-O 11. a3 b5 12. Ba2 Qc7 13. Nh4 Rfd8 14. Nf5 Bc5
15. b4 Bf8 16. Ng3 Bg6 17. c4 bxc4 18. Nxc4 Nb6 19. Be3 Kh8 20. Na5 Rac8 21.
Rac1 c5 22. Bxc5 Nfd7 23. Nb3 Na4 24. Rfd1 Ndxc5 25. Rxd8 Qxd8 26. Nxc5 Nxc5
27. Rd1 Nd7 28. Qa4 Rc7 29. h4 f6 30. h5 Be8 31. Qb3 Bf7 32. Qxf7 Be7 33. Nf5
Qf8 34. Qxe7 g6 35. Qxf8+ Nxf8 36. hxg6 hxg6 37. Ne3 Kg7 38. g3 Rc3 39. Rd5
Rxa3 40. Ra5 Rxa5 41. bxa5 Nd7 42. Bd5 Kf8 43. f3 Ke7 44. Nc4 Nc5 45. Kf2 Nd3+
46. Ke3 Nb4 47. Bb7 Nc2+ 48. Kd3 Ne1+ 49. Ke2 Nc2 50. f4 exf4 51. gxf4 Nd4+ 52.
Ke3 Ne6 53. Bd5 Nc5 54. Nd2 Kd6 55. Kd4 Nd7 56. Nf3 Nf8 57. e5+ fxe5+ 58. fxe5+
Ke7 59. Ng5 Kd7 60. Kc5 Ke7 61. Bc6 Kd8 62. Kd6 a6 63. Ne6+ 1-0

[Event "ENCI Limburg-open Veteranen"]
[Site "Maastricht"]
[Date "2011.06.13"]
[Round "4"]
[White "Van Pol, Thieu"]
[Black "Kerssemakers, Frans"]
[Result "1-0"]
[WhiteElo "1566"]
[BlackElo "1499"]
[PlyCount "113"]
[EventDate "2011.06.10"]
[EventType "swiss"]
[EventRounds "5"]
[EventCountry "NED"]
[Source "P.Boonen"]
[SourceDate "2012.01.01"]

1. d4 d5 2. Bf4 e6 3. e3 Nf6 4. c3 c5 5. Nf3 Nc6 6. Qc2 Be7 7. Nbd2 O-O 8. dxc5
Bxc5 9. Bd3 h6 10. Ne5 Nxe5 11. Bxe5 Bd6 12. Bg3 e5 13. Bh4 e4 14. Be2 Be7 15.
O-O-O Qa5 16. Kb1 Be6 17. Nb3 Qb6 18. h3 Rad8 19. g4 g5 20. Bg3 Bd6 21. Nd4 Be7
22. Nf5 Bxf5 23. gxf5 Ne8 24. h4 f6 25. hxg5 fxg5 26. Bg4 Kg7 27. Qb3 Qxb3 28.
axb3 Bd6 29. Rxd5 Nf6 30. Rxd6 Nxg4 31. Rhd1 Rxd6 32. Rxd6 Rxf5 33. Re6 Nxf2
34. Re7+ Kf6 35. Rxb7 Nd1 36. Rh7 Kg6 37. Re7 Nxe3 38. Rxe4 Rf1+ 39. Ka2 Nc2
40. b4 Rf3 41. Bd6 Ne3 42. c4 Nf5 43. Bb8 Re3 44. Rxe3 Nxe3 45. c5 a6 46. c6
Nd5 47. Kb3 h5 48. Kc4 Ne7 49. b5 axb5+ 50. Kxb5 Nc8 51. Kc5 g4 52. b4 h4 53.
b5 g3 54. b6 g2 55. b7 Na7 56. Bd6 Kf5 57. b8=Q 1-0

[Event "ENCI Limburg-open Veteranen"]
[Site "Maastricht"]
[Date "2011.06.13"]
[Round "5"]
[White "Boer, Henk"]
[Black "Debusschere, Helmut"]
[Result "1-0"]
[WhiteElo "1738"]
[BlackElo "1796"]
[PlyCount "101"]
[EventDate "2011.06.10"]
[EventType "swiss"]
[EventRounds "5"]
[EventCountry "NED"]
[Source "P.Boonen"]
[SourceDate "2012.01.01"]

1. c4 e5 2. Nc3 Nf6 3. g3 g6 4. Bg2 Bg7 5. Nf3 d6 6. d4 Nbd7 7. dxe5 dxe5 8.
O-O O-O 9. Bg5 h6 10. Be3 Ng4 11. Bd2 c6 12. Qc1 Kh7 13. Rd1 Qc7 14. Qc2 Nc5
15. h4 Nf6 16. e4 Bg4 17. Be3 Ne6 18. Rd2 Rad8 19. Rad1 Bxf3 20. Bxf3 Nd4 21.
Bxd4 exd4 22. Rxd4 Rxd4 23. Rxd4 Ng4 24. Rd1 Ne5 25. Be2 h5 26. b3 Qe7 27. Kg2
Qf6 28. Rd2 Qe7 29. Nd1 c5 30. Ne3 Nc6 31. Nd5 Qe5 32. f4 Qb8 33. Bd3 Nd4 34.
Qd1 a5 35. f5 Be5 36. Qe1 Qd6 37. Qe3 gxf5 38. Qg5 Rg8 39. Qxh5+ Kg7 40. exf5
Kf8 41. f6 Rxg3+ 42. Kf1 Qe6 43. Rg2 Ke8 44. Rxg3 Bxg3 45. Kg2 Kd7 46. Kxg3
Qe1+ 47. Kg2 Qd2+ 48. Be2 Qxe2+ 49. Qxe2 Nxe2 50. h5 Ke8 51. h6 1-0

[Event "ENCI Limburg-open Veteranen"]
[Site "Maastricht"]
[Date "2011.06.13"]
[Round "5"]
[White "Kerssemakers, Frans"]
[Black "Schreinemachers, Jo"]
[Result "0-1"]
[WhiteElo "1499"]
[BlackElo "1561"]
[PlyCount "124"]
[EventDate "2011.06.10"]
[EventType "swiss"]
[EventRounds "5"]
[EventCountry "NED"]
[Source "P.Boonen"]
[SourceDate "2012.01.01"]

1. d4 d5 2. c4 c6 3. Nf3 Nf6 4. e3 e6 5. Nc3 Nbd7 6. Bd3 dxc4 7. Bxc4 b5 8. Bd3
a6 9. O-O Bb7 10. e4 c5 11. e5 c4 12. Bc2 Nd5 13. Nxd5 Bxd5 14. Qe2 Be7 15. Rd1
O-O 16. Bf4 Rc8 17. a3 Nb6 18. Rab1 Ba8 19. Be3 Nd5 20. Bd2 c3 21. bxc3 Nxc3
22. Bxc3 Rxc3 23. Rb3 Qc7 24. Rxc3 Qxc3 25. Rd3 Qa1+ 26. Qd1 Qa2 27. Qb1 Qc4
28. Nd2 Qc6 29. f3 Rc8 30. Bd1 Qb6 31. Qb2 Bd5 32. Nb3 Bc4 33. Rc3 a5 34. Qf2
Bxa3 35. Nd2 Bb4 36. Nxc4 bxc4 37. Rc2 c3 38. h3 Rd8 39. Be2 Qxd4 40. Qxd4 Rxd4
41. Bb5 Rd5 42. Bc6 Rxe5 43. Kh2 Rc5 44. Ba4 Rd5 45. Kg3 g6 46. Kf4 Kg7 47. Ke4
f5+ 48. Kf4 Kf6 49. Kg3 h5 50. Kf4 g5+ 51. Kg3 e5 52. Kf2 Rd4 53. Ke2 g4 54.
fxg4 hxg4 55. h4 f4 56. h5 Kg5 57. Be8 Rd8 58. Bg6 Rd6 59. Bf7 e4 60. Be8 f3+
61. gxf3 exf3+ 62. Kf2 Kf4 0-1

[Event "ENCI Limburg-open Veteranen"]
[Site "Maastricht"]
[Date "2011.06.13"]
[Round "5"]
[White "Kwee, Tjoe Liong"]
[Black "Borsten, Chris"]
[Result "1-0"]
[WhiteElo "1763"]
[BlackElo "1461"]
[PlyCount "77"]
[EventDate "2011.06.10"]
[EventType "swiss"]
[EventRounds "5"]
[EventCountry "NED"]
[Source "P.Boonen"]
[SourceDate "2012.01.01"]

1. f4 d5 2. Nf3 Bg4 3. e3 e6 4. Be2 Nc6 5. b3 Be7 6. Bb2 Bh4+ 7. Nxh4 Qxh4+ 8.
g3 Bxe2 9. Qxe2 Qh6 10. Qg4 Nf6 11. Qg5 Rg8 12. Qxh6 gxh6 13. Bxf6 Nb4 14. Na3
Rg6 15. Bd4 a6 16. c3 Nc6 17. Nc2 b6 18. O-O h5 19. f5 Rg4 20. fxe6 fxe6 21.
Rf6 Rg6 22. Raf1 Rxf6 23. Bxf6 Kd7 24. Bg5 Rg8 25. Bh4 Ne5 26. d4 Ng6 27. Rf7+
Kc8 28. Be7 h4 29. Kg2 hxg3 30. hxg3 h5 31. Kh3 e5 32. Nb4 exd4 33. exd4 Nxe7
34. Rxe7 Kd8 35. Rh7 c5 36. dxc5 bxc5 37. Nxd5 Rg5 38. c4 Re5 39. Ra7 1-0

[Event "ENCI Limburg-open Veteranen"]
[Site "Maastricht"]
[Date "2011.06.13"]
[Round "5"]
[White "Rikers, Jo"]
[Black "De Wit, Gerrit"]
[Result "0-1"]
[WhiteElo "1474"]
[BlackElo "1746"]
[PlyCount "72"]
[EventDate "2011.06.10"]
[EventType "swiss"]
[EventRounds "5"]
[EventCountry "NED"]
[Source "P.Boonen"]
[SourceDate "2012.01.01"]

1. d4 Nf6 2. Bf4 e6 3. e3 d5 4. c3 b6 5. Bd3 Bb7 6. Nf3 Be7 7. Qc2 Nbd7 8. Nbd2
Rc8 9. Ne5 c5 10. O-O O-O 11. Ndf3 c4 12. Be2 b5 13. a3 Nb6 14. Ng5 Ne4 15.
Nxe4 dxe4 16. h3 Bd5 17. f3 exf3 18. Bxf3 Bxf3 19. Rxf3 Nd5 20. Raf1 a5 21. e4
Nb6 22. Be3 f6 23. Ng4 b4 24. axb4 axb4 25. Ra1 b3 26. Qe2 Ra8 27. Rff1 Ra2 28.
Rxa2 bxa2 29. Ra1 Qa8 30. Qc2 Qa6 31. Nf2 Ra8 32. Nd1 Qb5 33. Bf4 e5 34. dxe5
fxe5 35. Be3 Nd7 36. Bc1 Nc5 0-1

[Event "ENCI Limburg-open Veteranen"]
[Site "Maastricht"]
[Date "2011.06.13"]
[Round "5"]
[White "Simon, Martin KH"]
[Black "Schotanus, Fred"]
[Result "1-0"]
[WhiteElo "1810"]
[BlackElo "1739"]
[PlyCount "113"]
[EventDate "2011.06.10"]
[EventType "swiss"]
[EventRounds "5"]
[EventCountry "NED"]
[Source "P.Boonen"]
[SourceDate "2012.01.01"]

1. d4 Nf6 2. Nf3 g6 3. Bf4 Bg7 4. Nbd2 d6 5. h3 c5 6. e3 Nc6 7. c3 a6 8. a4 Qa5
9. Nc4 Qd8 10. dxc5 Nd7 11. cxd6 e5 12. Bg5 f6 13. Bh4 O-O 14. Be2 Kh8 15. O-O
Rf7 16. a5 g5 17. Bg3 Bf8 18. Qd5 Rg7 19. Rfd1 Rb8 20. b4 Na7 21. e4 Nb5 22.
Qd2 Qe8 23. Ne1 h5 24. f3 Qg6 25. Qc2 g4 26. fxg4 hxg4 27. hxg4 Qh6 28. Qc1 Qh7
29. Qe3 Rg6 30. Kf2 Bh6 31. Qd3 Bf8 32. Nc2 Rh6 33. N2e3 Qf7 34. Nf5 Rh7 35.
Rh1 Kg8 36. Rxh7 Qxh7 37. Bh4 Nc5 38. bxc5 Bxf5 39. Qd5+ Kg7 40. Bxf6+ Kxf6 41.
exf5 Qh4+ 42. Kg1 Qg3 43. Qe6+ Kg7 44. Qxe5+ Qxe5 45. Nxe5 Re8 46. d7 Bxc5+ 47.
Kf1 Rd8 48. Bxb5 axb5 49. Rd1 Kf6 50. Nf3 b4 51. cxb4 Bxb4 52. Rd5 Ke7 53. Rb5
Bc3 54. Rxb7 Bxa5 55. Ne5 Ra8 56. Nc6+ Kd6 57. Nxa5 1-0

[Event "ENCI Limburg-open Veteranen"]
[Site "Maastricht"]
[Date "2011.06.13"]
[Round "5"]
[White "Van Pol, Thieu"]
[Black "Montforts, Ton"]
[Result "1/2-1/2"]
[WhiteElo "1566"]
[BlackElo "1635"]
[PlyCount "111"]
[EventDate "2011.06.10"]
[EventType "swiss"]
[EventRounds "5"]
[EventCountry "NED"]
[Source "P.Boonen"]
[SourceDate "2012.01.01"]

1. d4 Nf6 2. Nf3 g6 3. Bf4 d6 4. e3 Bg7 5. c3 O-O 6. Qc2 Nbd7 7. Nbd2 c5 8. Bd3
b6 9. h3 Bb7 10. g4 cxd4 11. exd4 Nd5 12. Bg3 Rc8 13. Qb3 Nc7 14. Be4 Ba6 15.
O-O-O Nf6 16. Bc2 Bb7 17. Kb1 b5 18. g5 Nd7 19. Be4 Ba6 20. h4 Nb6 21. h5 e6
22. Qb4 d5 23. Bd3 Nc4 24. b3 Nxd2+ 25. Rxd2 Re8 26. Qd6 Bf8 27. Qxd8 Rexd8 28.
hxg6 fxg6 29. Ne5 Bd6 30. Nc6 Bxg3 31. Nxd8 Bf4 32. Re2 Rxd8 33. Rg1 Bc8 34. f3
a6 35. Reg2 Ne8 36. Be2 Be3 37. Rh1 Nd6 38. Kb2 Nf7 39. Rgh2 Nxg5 40. Rh4 h5
41. f4 Bf2 42. fxg5 Bxh4 43. Rxh4 Rf8 44. Rh2 Rf4 45. a4 bxa4 46. bxa4 Rf7 47.
Bd3 Kg7 48. Kb3 Rc7 49. Kb4 a5+ 50. Kxa5 Rxc3 51. Bb5 Rg3 52. Kb6 e5 53. dxe5
Rxg5 54. Re2 Kf7 55. Kc7 Bg4 56. Re1 1/2-1/2

[Event "ENCI Limburg-open B"]
[Site "Maastricht"]
[Date "2011.06.10"]
[Round "1"]
[White "Arns, Danny"]
[Black "Senders, Justin"]
[Result "0-1"]
[WhiteElo "1706"]
[BlackElo "1868"]
[PlyCount "80"]
[EventDate "2011.06.10"]
[EventType "swiss"]
[EventRounds "7"]
[EventCountry "NED"]
[Source "P.Boonen"]
[SourceDate "2012.01.01"]

1. e4 e6 2. Nf3 d5 3. exd5 exd5 4. d4 Bd6 5. Bd3 Ne7 6. Be3 c6 7. c3 Bf5 8. Qc2
Bxd3 9. Qxd3 Qc7 10. Nbd2 Nd7 11. h3 O-O-O 12. O-O-O h6 13. Nh4 g6 14. g4 Rde8
15. Rde1 Nf8 16. Qf1 Ne6 17. Ng2 g5 18. Qd3 Ng6 19. Qf5 Kb8 20. Qf3 Nef4 21.
Bxf4 Nxf4 22. Nxf4 Bxf4 23. Kc2 Qd7 24. Qd3 h5 25. f3 Bg3 26. Re2 Rxe2 27. Qxe2
Re8 28. Qd3 h4 29. Nf1 Bf4 30. Kd1 Re6 31. Rg1 Qe7 32. Rg2 Re1+ 33. Kc2 a5 34.
Nd2 a4 35. b4 axb3+ 36. Kxb3 Re3 37. Qf1 c5 38. dxc5 Qxc5 39. Nb1 d4 40. Rc2 d3
0-1

[Event "ENCI Limburg-open B"]
[Site "Maastricht"]
[Date "2011.06.10"]
[Round "1"]
[White "Begri, Felix"]
[Black "De Ridder, Naomi"]
[Result "1-0"]
[WhiteElo "1888"]
[BlackElo "1741"]
[PlyCount "55"]
[EventDate "2011.06.10"]
[EventType "swiss"]
[EventRounds "7"]
[EventCountry "NED"]
[Source "P.Boonen"]
[SourceDate "2012.01.01"]

1. d4 d5 2. c4 e6 3. Nf3 Nf6 4. g3 Bb4+ 5. Bd2 Bxd2+ 6. Nbxd2 O-O 7. Bg2 Nbd7
8. O-O b6 9. Qc2 Bb7 10. a4 c5 11. dxc5 bxc5 12. a5 Rc8 13. Nh4 Nb8 14. Rfd1
Qc7 15. cxd5 exd5 16. e4 d4 17. Nc4 Na6 18. Nf5 Nb4 19. Qb1 Ba6 20. Ncd6 Rb8
21. e5 Nfd5 22. Qe4 g6 23. Nh6+ Kg7 24. Qh4 f6 25. exf6+ Nxf6 26. Ne4 Nc2 27.
Ng5 Nxa1 28. Ne6+ 1-0

[Event "ENCI Limburg-open B"]
[Site "Maastricht"]
[Date "2011.06.10"]
[Round "1"]
[White "Bergmans, Dirk"]
[Black "Erin, Igor"]
[Result "1/2-1/2"]
[WhiteElo "1871"]
[BlackElo "1715"]
[PlyCount "47"]
[EventDate "2011.06.10"]
[EventType "swiss"]
[EventRounds "7"]
[EventCountry "NED"]
[Source "P.Boonen"]
[SourceDate "2012.01.01"]

1. c4 e5 2. Nc3 Bb4 3. g3 Nc6 4. Bg2 Nf6 5. Nf3 Bxc3 6. dxc3 h6 7. O-O O-O 8.
Qc2 d6 9. h3 Be6 10. b3 Qd7 11. Kh2 Bf5 12. Qb2 Rab8 13. Be3 b6 14. Rad1 Qe6
15. Ne1 Ne7 16. Nc2 Bg6 17. Nb4 Qc8 18. a4 a5 19. Nc2 Nf5 20. Bc1 Qe6 21. Na3
e4 22. Nb5 Qe7 23. Nd4 Nxd4 24. Rxd4 1/2-1/2

[Event "ENCI Limburg-open B"]
[Site "Maastricht"]
[Date "2011.06.10"]
[Round "1"]
[White "Bieberle, Gerhart"]
[Black "Braam, Marco"]
[Result "1/2-1/2"]
[WhiteElo "1900"]
[BlackElo "1751"]
[PlyCount "92"]
[EventDate "2011.06.10"]
[EventType "swiss"]
[EventRounds "7"]
[EventCountry "NED"]
[Source "P.Boonen"]
[SourceDate "2012.01.01"]

1. d4 Nf6 2. c4 c5 3. d5 b5 4. b3 bxc4 5. bxc4 d6 6. g3 g6 7. Bb2 Bg7 8. Bg2
O-O 9. e3 Nbd7 10. f4 Nb6 11. Nd2 Ng4 12. Bxg7 Nxe3 13. Qb3 Nxg2+ 14. Kf2 Kxg7
15. Kxg2 Bb7 16. Ngf3 Qd7 17. h4 e6 18. dxe6 fxe6 19. Rhe1 Rae8 20. Rad1 Kg8
21. Ne4 Bxe4 22. Rxe4 d5 23. Ne5 Qb7 24. cxd5 exd5 25. Ree1 c4 26. Qf3 Qc7 27.
Qg4 Qd6 28. a4 d4 29. h5 Qd5+ 30. Kh3 Qe6 31. Rxd4 Qxg4+ 32. Kxg4 gxh5+ 33.
Kxh5 a5 34. Rb1 Rb8 35. Nxc4 Nxa4 36. Rxb8 Rxb8 37. Rd5 Nc3 38. Rxa5 Rb5+ 39.
Rxb5 Nxb5 40. Kh6 Nd4 41. g4 Nc6 42. Ne5 Ne7 43. f5 Kh8 44. Nf7+ Kg8 45. Nd6
Nd5 46. g5 Ne3 {.....} 1/2-1/2

[Event "ENCI Limburg-open B"]
[Site "Maastricht"]
[Date "2011.06.10"]
[Round "1"]
[White "Blijlevens, Pim"]
[Black "Taverniers, Peter"]
[Result "1-0"]
[WhiteElo "1920"]
[BlackElo "1785"]
[PlyCount "83"]
[EventDate "2011.06.10"]
[EventType "swiss"]
[EventRounds "7"]
[EventCountry "NED"]
[Source "P.Boonen"]
[SourceDate "2012.01.01"]

1. d4 Nf6 2. Bg5 c6 3. Nf3 Qb6 4. Qc1 Ne4 5. Bf4 d5 6. e3 Bf5 7. Be2 e6 8. O-O
Be7 9. Nbd2 Nxd2 10. Nxd2 O-O 11. c4 Nd7 12. c5 Qd8 13. b4 Bg5 14. Bd6 Be7 15.
Bf4 Bg5 16. a4 Bxf4 17. exf4 g5 18. g4 Bg6 19. Nf3 gxf4 20. Qxf4 Nf6 21. Ne5
Nd7 22. Ra3 Nxe5 23. Qxe5 Qe7 24. f4 f6 25. Qe3 Be4 26. b5 Rf7 27. Bd3 Bxd3 28.
Rxd3 Rg7 29. Qe2 cxb5 30. axb5 Qd7 31. Kh1 a6 32. Ra3 e5 33. fxe5 fxe5 34. bxa6
bxa6 35. Qxe5 Rxg4 36. Rf5 Re8 37. Rg3 Rxg3 38. Qxg3+ Kh8 39. Re5 Qf7 40. Rxe8+
Qxe8 41. Qe5+ Qxe5 42. dxe5 1-0

[Event "ENCI Limburg-open B"]
[Site "Maastricht"]
[Date "2011.06.10"]
[Round "1"]
[White "Bok, Gidius"]
[Black "Broekhuis, Jan"]
[Result "0-1"]
[WhiteElo "1710"]
[BlackElo "1869"]
[PlyCount "78"]
[EventDate "2011.06.10"]
[EventType "swiss"]
[EventRounds "7"]
[EventCountry "NED"]
[Source "P.Boonen"]
[SourceDate "2012.01.01"]

1. e4 Nc6 2. Nf3 e6 3. d4 Nf6 4. Bg5 Be7 5. Nc3 d5 6. Bxf6 Bxf6 7. e5 Be7 8.
Bb5 Bd7 9. Bxc6 Bxc6 10. O-O b6 11. a3 Bd7 12. b4 c5 13. bxc5 bxc5 14. dxc5
Bxc5 15. Nxd5 exd5 16. Qxd5 Rc8 17. Rfd1 Be6 18. Qxd8+ Rxd8 19. Rxd8+ Kxd8 20.
c4 Kc7 21. Ng5 h6 22. Nxe6+ fxe6 23. a4 Rb8 24. g4 Rb2 25. Rf1 Ra2 26. Kg2 Rxa4
27. f4 Rxc4 28. Kg3 Rc3+ 29. Rf3 Rxf3+ 30. Kxf3 a5 31. Ke2 a4 32. Kd3 a3 33.
Kc2 Be3 34. f5 exf5 35. gxf5 Bd4 36. f6 gxf6 37. exf6 Bxf6 38. Kb3 Be7 39. Ka2
Kc6 0-1

[Event "ENCI Limburg-open B"]
[Site "Maastricht"]
[Date "2011.06.10"]
[Round "1"]
[White "Bondarchuk, Vadim"]
[Black "Hollands, Maxim"]
[Result "1-0"]
[WhiteElo "1992"]
[BlackElo "1851"]
[PlyCount "57"]
[EventDate "2011.06.10"]
[EventType "swiss"]
[EventRounds "7"]
[EventCountry "NED"]
[Source "P.Boonen"]
[SourceDate "2012.01.01"]

1. e4 d6 2. d4 Nf6 3. Nc3 g6 4. f3 Bg7 5. Be3 c6 6. Qd2 Nbd7 7. O-O-O b5 8. e5
Ng8 9. f4 Qa5 10. Kb1 Nb6 11. Nf3 h6 12. Bd3 Be6 13. b3 b4 14. Ne2 Nd5 15. h3
Qc7 16. g4 Nxe3 17. Qxe3 a5 18. f5 gxf5 19. gxf5 Bd5 20. f6 Bf8 21. Nf4 Bxf3
22. Qxf3 O-O-O 23. Nh5 Kb8 24. Rhe1 c5 25. exd6 Qxd6 26. dxc5 Qc7 27. Bf1 Rc8
28. Bg2 Ka7 29. c6 1-0

[Event "ENCI Limburg-open B"]
[Site "Maastricht"]
[Date "2011.06.10"]
[Round "1"]
[White "Brixius, Dirk"]
[Black "Memeti, Kushtrim"]
[Result "1-0"]
[WhiteElo "1944"]
[BlackElo "1830"]
[PlyCount "57"]
[EventDate "2011.06.10"]
[EventType "swiss"]
[EventRounds "7"]
[EventCountry "NED"]
[Source "P.Boonen"]
[SourceDate "2012.01.01"]

1. c4 b6 2. Nf3 Bb7 3. Nc3 e6 4. d4 Nf6 5. Bg5 Be7 6. e3 h6 7. Bh4 O-O 8. Qc2
d6 9. O-O-O Nbd7 10. Be2 Ng4 11. Bg3 Ngf6 12. h4 Rc8 13. Bf4 d5 14. g4 Ne4 15.
g5 h5 16. Nxe4 dxe4 17. Nd2 f5 18. Bxh5 c5 19. Rhe1 Ba6 20. Qa4 Nb8 21. Bxb8
Rxb8 22. Qxa6 cxd4 23. exd4 b5 24. Qxe6+ Kh8 25. Nb3 Rb6 26. Qd5 Bd6 27. Kb1
bxc4 28. Qxc4 Qb8 29. Rc1 1-0